12 Caractéristiques de la Démocratie - Statistiques

Statistiques générales
  • Ce quiz a été pris 23 fois
  • Le résultat moyen est 2 sur 12
Statistiques - réponses
Réponse % Correct
Suffrage Universel
72%
Séparation des pouvoirs
61%
Constitution
17%
Elections libres et regulieres
17%
Souveraineté Nationale
11%
(Democratie peut ne pas etre parlementaire)
6%
Election des representants du peuple
6%
Equilibre des pouvoirs
6%
Régime parlementaire (executif et legislatif se controllent mutuellement)
6%
Isonomie et libertés individuelles des citoyens
0%
Médias libres
0%
Pluripartisme, pluralisme et alternance politique
0%
Aucun quiz correspondant
Distribution des résultats
% des personnes avec chaque résultat
Percentile par nombre de réponses
Votre historique - résultats
Vous n’avez pas pris ce quiz